000 00260nam a22001097a 4500
082 _a621.384166 COL'R
100 _aCOLLINS, A. FREDERICK
_941651
245 _aTHE RADIO AMATURE'S HANDBOOK
260 _aNEWYORK
_bTHOMAS Y
_c1964
300 _a374P
942 _cBK
999 _c567177
_d567177